Quizzes
Events
Quiz Creation
Community
Videos
Private Events
Remove Ads
Sign In
Join for FREE
Feedback
Dark Mode
Quiz Categories
Sports
Geography
Music
Movies
Television
Just For Fun
Miscellaneous
History
Literature
Language
Science
Gaming
Entertainment
Religion
Holiday
For Kids
Quiz Lab
Recent
Popular Today
Quiz Kudos Today
Editor Picks
Curator Picks
Quizzes by...
Day
Popularity
Type
Ratings
Length
Year
Community
Subscriptions
Recent Discussions
Orange Saloon
Badges
Playlists
Quests
Create
Leaderboards
Showdown
Live 5
Trivia Bingo
Activity
Puzzle Library
Sporcle Events
Private Events
Virtual Trivia
Globe League
Become a Host
Pub Owners
SporcleCon
Opinionation
Our Games
Videos
Blog
Mobile Apps
Partnerships
Remove Ads and Go Orange
Feedback
Holiday
Halloween
Christmas
Holiday Songs
April Fools'
Thanksgiving
Valentine's Day
Easter
St Patrick's Day
National Holiday
Religious Holiday
Holiday
Halloween
Christmas
Holiday Songs
April Fools'
Thanksgiving
Valentine's Day
Easter
St Patrick's Day
National Holiday
Religious Holiday
Random Quiz
Search Sporcle
×
Quiz Lab
Quiz Lab
Holiday
Rock
Type in answers that appear in a list
Type in answers that appear in a list
Classic
Best Score? Go Orange.
Jingle Bell Rock Stats
Can you name the Missing Lyrics?
By
doggielover1234
10m
18 Questions
157 Plays
157 Plays
157 Plays
Comments
Comments
Give Quiz Kudos
Give Quiz Kudos
-
- Ratings
hide this ad
Forced Order
Answers have to be entered in order
Answers have to be entered in order
Replay
Link that replays current quiz
Next Quiz
Link to next quiz in quiz playlist
You Got
0%
They Got
Avg Score
49%
Avg Friend Score
Upgrade to see
Score Distribution
Jump to the score distribution portion of the page
Score
0/18
Timer
10:00
0
Plays Today
Song
Missing Lyric
% Correct
Jingle bell, _
_
_
_
_
_
_
_
_
_
, jingle bell rock
jingle bell
99.4%
Jingle bell, jingle bell, jingle _
_
_
_
_
_
_
_
bell rock
66.9%
Jingle bell time is a _
_
_
_
_
_
_
_
_
swell time
57.3%
In the _
_
_
_
_
_
air.
frosty
56.7%
Now the _
_
_
_
_
_
_
_
_
has begun
jingle hop
52.9%
To _
_
_
_
the night away
rock
52.9%
That's the jingle bell _
_
_
_
!
rock
52.2%
That's the _
_
_
_
_
_
_
_
_
_
,
jingle bell
51%
What a _
_
_
_
_
_
_
_
_
_
, it's the right time
bright time
50.3%
Song
Missing Lyric
% Correct
Jingle around _
_
_
_
_
_
_
_
the clock
48.4%
Snowing and blowing up _
_
_
_
_
_
_
_
_
_
_
_
bushels of fun
47.8%
Jingle bells _
_
_
_
_
and jingle bells _
_
_
_
swing, ring
47.1%
Dancing and prancing in _
_
_
_
_
_
_
_
_
_
_
_
_
_
_
_
Jingle Bell Square
44.6%
_
_
_
_
_
the jingle bell,
That's
43.9%
_
_
_
_
_
_
_
_
jingle horse, pick up your feet
Giddy-up
41.4%
Jingle bells _
_
_
_
_
_
_
_
_
_
_
_
_
bell time
chime in jingle
32.5%
_
_
_
_
_
_
_
_
_
_
_
in a one-
horse sleigh
To go gliding
26.1%
Mix and a-
mingle in the _
_
_
_
_
_
_
_
_
_
_
_
jingling feet
17.2%
Quiz Playlist
Details
Report
Send in Message
Add To Playlist
Classic:
Type in answers that appear in a list
Forced Order:
Answers have to be entered in order
Last Updated: Feb 16, 2017
Quiz Scoreboard
CHALLENGE
Sign Up to Join the Scoreboard
Show All
Scores
Hide
Comments
May contain spoilers
Recently Published
Presidents Visiting Landmarks
by Hejman
History
7m
An Introduction to Baseball
by treessimontrees
Sports
5m
Movies - When Are They Set?
by FPL_Elf
Movies
5m
More to Explore
Quiz From the Vault
Featured Blog Post
Where Did the Easter Bunny Come From?
hide this ad
You Might Also Like...
Tags
Rock Quiz
Song Quiz
bell
Jingle
Missing Lyrics
Today's Top Quizzes in Holiday
Browse Holiday
hide this ad
Today's Top Quizzes in Rock
Browse Rock
Top Contributed Quizzes in Holiday
1
5-to-1: Holiday Songs
2
5-to-1: Thanksgiving
3
Easter - Did You Know?
4
Word Ladder: Four Leaf Clover
5
Show What You Know: US Federal Holidays
6
Holidays Spelling Bee
7
The Holiday Category, A to Z
8
Slices of Holidays
9
3-per Word Ladder: Listen Up!
10
Entertaining Easter Eggs
Explore More
Trending Topics
Disney
Harry Potter
Kpop
Crossword
Marvel
NBA
Anime
The Office
WWE
Soccer
Pokémon
Puzzle
Country
NFL
Song
hide this ad
More By:
doggielover1234
Quiz
Plays
Rating
Category
Featured
Created
Winter Wonderland
2,224
3.60
Holiday
Nov 11, 2010
Movie Titles in 3's
680
2.58
Movies
Apr 6, 2011
Movie Titles in 3's(II)
412
2.06
Movies
Apr 7, 2011
Nickelodeon Characters By Phrase
232
3.50
Television
Nov 10, 2010
Jingle Bell Rock
157
5.00
Holiday
Dec 2, 2010
Go to Creator's Profile
Score Distribution
Quiz Creator Spotlight
doggielover1234
Follow
Send a Message
Quizzes Created
-
Created Quiz Play Count
-
More By This Creator
Popular Quizzes Today
1
Find the US States - No Outlines Minefield
2
Find the Countries of Europe - No Outlines Minefield
3
The Countries of the World
4
Find the US States
5
Popular People in 1961
6
US States
7
Risky Map Clicking: Biggest States A-Z
8
Movies - When Are They Set?
More Holiday Quizzes
TinyGrid: Easter
Curator's Pick
Trending Quizzes
Risky Map Clicking: Least Populous States A-Z
1-10 Letter G Words
1-10 Letter F Words
Risky Map Clicking: Next State Alphabetically
Risky Map Clicking: Biggest States A-Z
Recently Updated
Leaping Animals
pecheneg
Reality TV Shows (A-Z)
bhenderson79
Rickey Henderson's Hall of Fame Teammates
pecheneg
Champions League XIs: Arsenal
pecheneg
Quick Pick: Celebrities in WWE's Hall of Fame
aduchscher
A-Z Keypad Blitz II
pecheneg
Multiple Oscar Actors
pecheneg
Mystery Phrase Blitz: Oscar 'Best Actors'
pecheneg
F. Scott Fitzgerald Novels
LTH
Pick 3 Villains
ddd62291
Trending Topics
Marvel
Disney
Crossword
Harry Potter
NBA
Anime
Kpop
Pokémon
Soccer
Song
WWE
Country
Puzzle
The Office
NFL
Your Account Isn't Verified!
In order to create a playlist on Sporcle, you need to verify the email address you used during registration. Go to your
Sporcle Settings
to finish the process.
Report this User
Report this user for behavior that violates our
Community Guidelines
.
Details:
Send Report
Go to the Sporcle.com Mobile Site →
Comments